000 00468nam a2200157 i 4500
001 59775
003 ES-MaACL
005 20230906164109.0
007 t|
008 031030s1965 sp ||||1| spa d
100 1 _aEnrique y Tarancón, Vicente.
_947273
245 1 3 _aLa Iglesia en el mundo de hoy /
_cVicente Enrique Tarancón, Arzobispo de Oviedo.
260 _aSalamanca :
_bSígueme,
_c1965.
300 _a297 p. ;
_c19 cm.
852 _aES-MaACL
_jC-29471
_bR.59650
999 _c59775
_d59775